Idézőjelek között

Bibliographic Details
Main Author: Horváth, Bernadett (Author)
Format: Article
Language:Hungarian
ISSN:1338-0265
Subjects:

MARC

LEADER 00000nab a2200000 ar4500
001 vtls010193734
003 SK-MaSNL
005 20260303210722.0
008 101201c2010 xo |||||||| |000 b|hun
015 |a SNBRB2010/12  |2 snkbucl 
038 |a SNKBUCL 
040 |a DSZK  |b slo  |c DSZK  |e AACR2 
041 0 |a hun 
044 |a xo  |c SK 
080 |a 821.511.141 (437.6)-32=511.141  |2 1997 
100 1 |a Horváth, Bernadett  |4 aut  |9 1084218 
245 1 0 |a Idézőjelek között  |c Horváth Bernadett 
650 0 7 |a literárna montáž  |2 snkbucl  |9 155258 
773 0 |t Opus : szlovákiai magyar írók folyóirata  |g Évf. 2, sz. 5 (2010)  |x 1338-0265 
773 0 8 |i Mell.:  |t Peron : fiatal írók művei  |g Sz. 5 (2010), o. [5-6] 
852 |a SNK  |b KIS3GCP 
852 |a DSZK  |b KIS3GCP 
958 |a HU 
958 |a SK 
958 |a LX 
999 |c 2201348  |d 2203278